00494nam a22001697a 450000500170000001000150001702000230003203500130005503700130006808200100008110000180009124500810010926000510019027000470024130000220028870000140031020100724161923.0 aENG- 96807 a8190237098c150.00 aEN-80340 bDBAD/PUB a612.0 aJagota, Anita aThe living clocks :btiming is everything /cby Anita Jagota [and] P D Gupta aBikanerbVrandavan brijratan publicationc2008 aRaj Ranga Street, Bikanere334005bBikaner a95 p.c21 cm (Hb) aGupta P D